Software project management (Record no. 5655)

MARC details
000 -LEADER
fixed length control field 00530nam a2200181Ia 4500
003 - CONTROL NUMBER IDENTIFIER
control field SGT
020 ## - INTERNATIONAL STANDARD BOOK NUMBER
International Standard Book Number 9780070586727
082 ## - DEWEY DECIMAL CLASSIFICATION NUMBER
Classification number 5
Item number HUG
100 ## - MAIN ENTRY--PERSONAL NAME
Personal name Hughes,Bob
245 ## - TITLE STATEMENT
Title Software project management
250 ## - EDITION STATEMENT
Edition statement 3rd Ed.
260 ## - PUBLICATION, DISTRIBUTION, ETC. (IMPRINT)
Name of publisher, distributor, etc Tata McGraw Hill Education Private Limited
Place of publication, distribution, etc New Delhi
Year of Publication 2004
300 ## - PAGE DESCRIPTION
No. of Pages 358p.
650 ## - SUBJECT ADDED ENTRY--TOPICAL TERM
Topical term or geographic name as entry element COMPUTER SCIENCE
653 ## - KEYWORDS--INDEX TERM
Keyword term INTRODUCTION TO SOFTWARE PROJECT MANAGEMENT, STEP WISE AN OVERVIEW OF PROJECT PLANING, PROJECT EVALUATION
700 ## - ADDED ENTRY--PERSONAL NAME
Personal name Cotterell,Mike
942 ## - ADDED ENTRY ELEMENTS (KOHA)
Source of classification or shelving scheme Dewey Decimal Classification
Koha item type Books
Holdings
Withdrawn status Lost status Source of classification or shelving scheme Damaged status Not for loan Home library Current library Date acquired SGTU Total Checkouts Full call number Accession No. (Barcode) Date last seen Bill Date Koha item type
    Dewey Decimal Classification     SGT Engineering Library SGT Engineering Library 17/09/2013 SGTU   5 HUG FE6217 09/02/2015 09/02/2015 Books